|
|
|
|
| LEADER |
00000nam0a2200000 4500 |
| 001 |
260454 |
| 005 |
20231101233459.0 |
| 010 |
|
|
|a 9785915591799
|
| 035 |
|
|
|a (RuTPU)RU\TPU\book\283403
|
| 035 |
|
|
|a RU\TPU\book\168020
|
| 090 |
|
|
|a 260454
|
| 100 |
|
|
|a 20090427d2014 m y0rusy5002 ca
|
| 101 |
0 |
|
|a rus
|
| 102 |
|
|
|a RU
|
| 105 |
|
|
|a a j 001zy
|
| 200 |
1 |
|
|a Основы бурения на нефть и газ
|e учебное пособие для вузов
|f В. В. Тетельмин, В. А. Язев
|
| 205 |
|
|
|a 3-е изд., доп.
|
| 210 |
|
|
|a Долгопрудный
|c Интеллект
|d 2014
|
| 215 |
|
|
|a 294 с.
|c ил.
|d 21 см.
|
| 225 |
1 |
|
|a Нефтегазовая инженерия
|
| 320 |
|
|
|a Библиогр.: с. 291-294.
|
| 330 |
|
|
|a Учебное пособие знакомит читателя с основами производства буровых работ при разработке нефтяных и газовых месторождений. Последовательно изложены основные стадии бурения, испытания и обустройства нефтяных и газовых скважин. Книга включает в себя также элементы общей и нефтепромысловой геологии и механики горных пород. В книге кроме классических технических и технологических разделов уделяется внимание вопросам бурения скважин на континентальном шельфе и вопросам экологической безопасности при производстве буровых работ. Книга предназначена для студентов специализированных учебных заведений и работников нефтегазовой отрасли.
|
| 606 |
1 |
|
|a Нефтяные скважины
|x Бурение
|2 stltpush
|3 (RuTPU)RU\TPU\subj\46086
|9 65271
|
| 610 |
1 |
|
|a нефтепромысловая геология
|
| 610 |
1 |
|
|a буровые скважины
|
| 610 |
1 |
|
|a горные породы
|
| 610 |
1 |
|
|a свойства
|
| 610 |
1 |
|
|a напряженные состояния
|
| 610 |
1 |
|
|a разрушение
|
| 610 |
1 |
|
|a вращательное бурение
|
| 610 |
1 |
|
|a буровое оборудование
|
| 610 |
1 |
|
|a породоразрушающие инструменты
|
| 610 |
1 |
|
|a бурильная колонна
|
| 610 |
1 |
|
|a буровые промывочные растворы
|
| 610 |
1 |
|
|a промывка
|
| 610 |
1 |
|
|a режимы бурения
|
| 610 |
1 |
|
|a наклонные скважины
|
| 610 |
1 |
|
|a искривления
|
| 610 |
1 |
|
|a крепление
|
| 610 |
1 |
|
|a заканчивание
|
| 610 |
1 |
|
|a освоение
|
| 610 |
1 |
|
|a морские месторождения
|
| 610 |
1 |
|
|a шельфовые месторождения
|
| 610 |
1 |
|
|a шельфы
|
| 610 |
1 |
|
|a осложнения
|
| 610 |
1 |
|
|a аварии
|
| 610 |
1 |
|
|a экологические аспекты
|
| 610 |
1 |
|
|a биосфера
|
| 610 |
1 |
|
|a недра
|
| 610 |
1 |
|
|a отходы
|
| 610 |
1 |
|
|a утилизация
|
| 610 |
1 |
|
|a физико-механические величины
|
| 610 |
1 |
|
|a размерности
|
| 610 |
1 |
|
|a учебные пособия
|
| 675 |
|
|
|a 622.24(075.8)
|v 3
|z rus
|
| 700 |
|
1 |
|a Тетельмин
|b В. В.
|g Владимир Владимирович
|4 070
|
| 701 |
|
1 |
|a Язев
|b В. А.
|g Валерий Афонасьевич
|4 070
|
| 801 |
|
1 |
|a RU
|b 63413507
|c 20140515
|
| 801 |
|
2 |
|a RU
|b 63413507
|c 20151105
|g RCR
|
| 942 |
|
|
|c BK
|
| 959 |
|
|
|a 81/20140515
|d 5
|e 770,00
|f ЧЗТЛ:1
|f АНЛ:1
|f УФ:3
|